Разработка и исследование оптико-электронных вычислительных устройств с оперативным вводом на базе термопластических носителей: диссертация на соискание ученой степени кандидата технических наук; спец.05.13.01

מידע ביבליוגרפי
מחבר ראשי: Посконный Г. И. Геннадий Ильич
מחבר תאגידי: Томский политехнический институт
מחברים אחרים: Кочегуров В. А. Владимир Александрович (научный руководитель)
שפה:רוסית
יצא לאור: Томск, [Б. и.], 1978
נושאים:
פורמט: ספר
KOHA link:https://koha.lib.tpu.ru/cgi-bin/koha/opac-detail.pl?biblionumber=81906

MARC

LEADER 00000nbm0a2200000 4500
001 81906
005 20231031095412.0
035 |a (RuTPU)RU\TPU\book\88035 
090 |a 81906 
100 |a 20050925d1978 k y0rusy50 ca 
101 0 |a rus 
102 |a RU 
105 |a a m 001zy 
200 1 |a Разработка и исследование оптико-электронных вычислительных устройств с оперативным вводом на базе термопластических носителей  |e диссертация на соискание ученой степени кандидата технических наук  |e спец.05.13.01  |f Г. И. Посконный  |g Томский политехнический институт ; науч. рук. В. А. Кочегуров 
210 |a Томск  |c [Б. и.]  |d 1978 
215 |a 148 л.  |c ил. 
320 |a Библиогр.: с. 138-146 (100 назв.) 
610 1 |a диссертации 
610 1 |a разработка 
610 1 |a исследование 
610 1 |a геофизическая информация 
610 1 |a оптико-электронные вычислительные устройства 
610 1 |a термопластические носители 
610 1 |a оперативный ввод 
610 1 |a сейсмическая разведка 
610 1 |a вычислительные устройства 
610 1 |a оптические устройства 
610 1 |a спектроанализаторы 
610 1 |a оптический коррелятор 
610 1 |a спектральный анализ 
610 1 |a геология 
610 1 |a труды учёных ТПУ 
675 |a 550.83.4  |v 3 
675 |a 681.324(04)  |v 3 
686 |a 05.13.01  |2 oksvnk 
700 1 |a Посконный  |b Г. И.  |g Геннадий Ильич 
702 1 |a Кочегуров  |b В. А.  |c математик  |c профессор Томского политехнического университета  |f 1931-  |g Владимир Александрович  |2 stltpush  |3 (RuTPU)RU\TPU\pers\13833  |4 727 
712 0 2 |a Томский политехнический институт  |2 stltpush  |3 (RuTPU)RU\TPU\col\1123 
801 1 |a RU  |b 63413507  |c 20050925  |g PSBO 
801 2 |a RU  |b 63413507  |c 20181210  |g PSBO 
942 |c BK